000 00477nam a2200181Ia 4500
003 GCL
008 140319s9999 xx 000 0 eng d
040 _aGCL /
_cGCL
082 0 4 _a658.302
_bL S
100 1 _aLOEN, RAYMOND
245 1 0 _aSUPERIOR SUPERVISION THE 10% SOLUTION /
_cLOEN, RAYMOND
260 _a[S.N] :
_bLEXINGTON BOOKS ،
_c1994
300 _a171 P
650 0 4 _aBUSINESS
650 0 4 _aADMINSTRATION
650 0 4 _aSUPERVISION OF EMPLOYEES
942 _2ddc
_cBK
999 _c20070
_d20070